[Event "Glenco Chess IM 2013"]
[Site "Fredericia"]
[Date "2013.05.01"]
[Round "1"]
[White "Andersson, Bjorn"]
[Black "Bank Friis, Carsten"]
[Result "1-0"]
[WhiteElo "2277"]
[BlackElo "2271"]
[PlyCount "57"]
[EventDate "2013.??.??"]

1. e4 c6 2. d4 d5 3. e5 Bf5 4. Nc3 e6 5. g4 Bg6 6. Nge2 c5 7. h4 h5 8. Nf4 Bh7
9. Nxh5 Nc6 10. Bb5 Qc7 11. Bg5 Nge7 12. Bxe7 Qxe7 13. Ne2 Bg6 14. Nef4 O-O-O
15. Bxc6 bxc6 16. Rh3 cxd4 17. Qxd4 c5 18. Qa4 Bxh5 19. Rb3 Rd7 20. gxh5 c4 21.
Qa6+ Rb7 22. Qc6+ Rc7 23. Qa8+ Kd7 24. Nxd5 exd5 25. Qxd5+ Kc8 26. Qa8+ Kd7 27.
O-O-O+ Ke6 28. Qd5+ Kf5 29. e6+ 1-0

[Event "Glenco Chess IM 2013"]
[Site "Fredericia"]
[Date "2013.05.01"]
[Round "1"]
[White "Lund, Silas"]
[Black "Haub, Thorsten Michael"]
[Result "1/2-1/2"]
[WhiteElo "2406"]
[BlackElo "2462"]
[PlyCount "105"]
[EventDate "2013.??.??"]

1. d4 g6 2. e4 Bg7 3. c4 d6 4. Nf3 Nd7 5. Be2 e6 6. O-O Ne7 7. Nc3 O-O 8. Re1
h6 9. Bf1 a6 10. h3 g5 11. Qc2 Ng6 12. Be3 c5 13. Rad1 Qc7 14. b3 b6 15. Ne2
Nf6 16. Ng3 Bb7 17. d5 Rad8 18. Bd2 Rfe8 19. Bc3 e5 20. Nh2 Bc8 21. Be2 Nf4 22.
Bg4 Nxg4 23. Nxg4 Bxg4 24. hxg4 b5 25. Nf5 Ng6 26. Qd3 b4 27. Bd2 Ne7 28. Ng3
a5 29. a4 Qd7 30. Qf3 Ng6 31. Nf5 Ne7 32. Ne3 Ng6 33. g3 f6 34. Kg2 Kf7 35. Rh1
Rh8 36. Rh5 Ne7 37. Rdh1 Rdg8 38. Qe2 Ke8 39. f4 Kd8 40. fxe5 fxe5 41. R5h2 Qe8
42. Qf2 Qg6 43. Nf5 Nxf5 44. gxf5 Qf6 45. Be3 Bf8 46. Qe2 Kd7 47. Qh5 Kd8 48.
Rd1 Kd7 49. Rhh1 Be7 50. g4 Rg7 51. Rhf1 Qf7 52. Qxf7 Rxf7 53. Rh1 1/2-1/2

[Event "Glenco Chess IM 2013"]
[Site "Fredericia"]
[Date "2013.05.01"]
[Round "1"]
[White "Pavlovic, Milos"]
[Black "Westerinen, Heikki"]
[Result "1-0"]
[WhiteElo "2504"]
[BlackElo "2335"]
[PlyCount "27"]
[EventDate "2013.??.??"]

1. e4 e6 2. d3 d5 3. Qe2 dxe4 4. dxe4 b6 5. Nf3 Ba6 6. c4 Nc6 7. Nc3 Bb4 8. Bd2
Nge7 9. a3 Bc5 10. b4 Nd4 11. Qd1 Nxf3+ 12. gxf3 Bxf2+ 13. Kxf2 Qd4+ 14. Be3
1-0

[Event "Glenco Chess IM 2013"]
[Site "Fredericia"]
[Date "2013.05.01"]
[Round "1"]
[White "Fries Nielsen, Jens Ove"]
[Black "Teplyi, Igor"]
[Result "1/2-1/2"]
[WhiteElo "2375"]
[BlackElo "2413"]
[PlyCount "86"]
[EventDate "2013.??.??"]

1. Nc3 c5 2. f4 g6 3. Nf3 Bg7 4. d3 d5 5. Bd2 e6 6. e4 Ne7 7. Be2 Nbc6 8. O-O
Nd4 9. Nxd4 cxd4 10. Na4 O-O 11. Nc5 a5 12. Bf3 Qb6 13. Na4 Qc7 14. c4 dxc4 15.
dxc4 Bd7 16. Rc1 e5 17. fxe5 Bxe5 18. h3 Rad8 19. c5 Bb5 20. Nb6 Bxf1 21. Qxf1
Bf4 22. Qd3 Bxd2 23. Qxd2 Nc6 24. Nd5 Qe5 25. Re1 Rfe8 26. Re2 Kg7 27. a3 a4
28. Rf2 h6 29. Qd1 f5 30. exf5 Qe1+ 31. Rf1 Qxd1 32. Rxd1 Ne5 33. Nc7 Nxf3+ 34.
gxf3 Re7 35. Ne6+ Rxe6 36. fxe6 Kf6 37. Re1 Ke7 38. Kf2 Rd5 39. Re4 d3 40. Ke1
Rxc5 41. Rxa4 Rb5 42. b4 Kxe6 43. Kd2 Ke5 1/2-1/2

[Event "Glenco Chess IM 2013"]
[Site "Fredericia"]
[Date "2013.05.02"]
[Round "2"]
[White "Andersson, Bjorn"]
[Black "Skaanning Pedersen, Kim Henrik"]
[Result "1/2-1/2"]
[WhiteElo "2277"]
[BlackElo "2256"]
[PlyCount "79"]
[EventDate "2013.??.??"]

1. e4 c5 2. Nf3 g6 3. d4 cxd4 4. Nxd4 Nc6 5. Nc3 Bg7 6. Be3 Nf6 7. Bc4 O-O 8.
Bb3 Qa5 9. O-O Ng4 10. Qxg4 Nxd4 11. Nd5 e6 12. Bxd4 Bxd4 13. c3 Bg7 14. Ne3 d6
15. Rad1 Qc5 16. Qg3 Rd8 17. Kh1 b5 18. f4 Bb7 19. f5 Bxe4 20. fxe6 fxe6 21.
Bxe6+ Kh8 22. Bd5 Be5 23. Qh3 Bxd5 24. Rxd5 Qc6 25. Rfd1 Rf8 26. R5d2 Rf7 27.
Ng4 Raf8 28. Qd3 Qe4 29. Nxe5 dxe5 30. Qxb5 Qf4 31. h3 Qg3 32. Rd8 Rxd8 33.
Rxd8+ Kg7 34. Rd7 Qe1+ 35. Kh2 Rxd7 36. Qxd7+ Kh6 37. c4 e4 38. Qf7 e3 39. Qf4+
Kg7 40. Qe5+ 1/2-1/2

[Event "Glenco Chess IM 2013"]
[Site "Fredericia"]
[Date "2013.05.02"]
[Round "2"]
[White "Aabling Thomsen, Jakob"]
[Black "Lund, Silas"]
[Result "1-0"]
[WhiteElo "2301"]
[BlackElo "2406"]
[PlyCount "107"]
[EventDate "2013.??.??"]

1. e4 e6 2. d4 d5 3. Nc3 Nf6 4. exd5 exd5 5. Bd3 Bg4 6. Nge2 c6 7. f3 Bh5 8.
Nf4 Bg6 9. Nxg6 hxg6 10. Bf4 Bd6 11. Qe2+ Kf8 12. Be5 Bxe5 13. dxe5 Nh5 14.
O-O-O Nf4 15. Qd2 Qg5 16. Rde1 Nd7 17. g3 Nxd3+ 18. cxd3 Qxd2+ 19. Kxd2 d4 20.
Ne2 Nxe5 21. Nxd4 Re8 22. f4 Ng4 23. Rxe8+ Kxe8 24. h4 Rh5 25. Re1+ Kd7 26. Nf3
Rb5 27. b3 a5 28. Re4 Rd5 29. Kc3 f6 30. d4 Nh6 31. a4 Rd6 32. Nd2 b5 33. Re3
Nf5 34. Rd3 b4+ 35. Kc4 Re6 36. Kc5 Rd6 37. Kb6 Rd5 38. Ne4 Nxd4 39. Nc5+ Ke7
40. Nb7 Nf5 41. Rxd5 cxd5 42. Nxa5 d4 43. Nc6+ Ke6 44. Nxb4 Nxg3 45. a5 Ne4 46.
a6 Nd6 47. Kc5 Nc8 48. Nd3 Kf5 49. Kxd4 Kg4 50. b4 Kxh4 51. b5 g5 52. Kc5 g4
53. b6 g3 54. Ne1 1-0

[Event "Glenco Chess IM 2013"]
[Site "Fredericia"]
[Date "2013.05.02"]
[Round "2"]
[White "Haub, Thorsten Michael"]
[Black "Pavlovic, Milos"]
[Result "0-1"]
[WhiteElo "2462"]
[BlackElo "2504"]
[PlyCount "154"]
[EventDate "2013.??.??"]

1. Nf3 g6 2. g3 Bg7 3. Bg2 c5 4. O-O Nc6 5. e4 e5 6. d3 Nge7 7. Nbd2 O-O 8. c3
d6 9. Nh4 Kh8 10. f4 exf4 11. gxf4 f5 12. Ndf3 d5 13. e5 d4 14. c4 Rb8 15. Kh1
Qc7 16. Rg1 b6 17. Bd2 Nd8 18. Ng5 Bh6 19. Nhf3 Bxg5 20. Nxg5 h6 21. Nf3 Ne6
22. Qe1 Bb7 23. Qh4 Kg7 24. Qg3 Rf7 25. b4 Rg8 26. bxc5 bxc5 27. Rab1 Bc6 28.
h4 Kh8 29. Qh2 Rh7 30. Ne1 g5 31. Bxc6 Qxc6+ 32. Qg2 Qe8 33. Qf3 Ng6 34. Ng2 g4
35. Qd5 Rd7 36. Qc6 Kh7 37. Rgf1 Qe7 38. Be1 Rc7 39. Qa6 Ngf8 40. Bg3 Ng7 41.
Rb5 Nh5 42. Kh2 Rg6 43. Qa3 Ne6 44. Qb2 Rg7 45. Qd2 Qe8 46. Ne1 Rb7 47. Qb2 Qc8
48. Qg2 a6 49. Ra5 Rb6 50. Nc2 Rgb7 51. Rf2 Rb8 52. Na1 Nxg3 53. Kxg3 Ng7 54.
Qd5 Rb2 55. Nc2 Ne6 56. Qd6 R2b6 57. Qd5 Qc7 58. Ra3 Rd8 59. Qh1 Ng7 60. h5
Rdb8 61. Ne1 Rb1 62. Re2 R8b6 63. Rb3 R6xb3 64. axb3 Qf7 65. e6 Qe7 66. Qh4 Qe8
67. e7 Rxb3 68. Kf2 Rb8 69. Ng2 Qf7 70. Re5 Re8 71. Ne1 Nxh5 72. Rxc5 Nxf4 73.
Rc7 Qe6 74. Qg3 Qe2+ 75. Kg1 Nh3+ 76. Kh1 f4 77. Qh4 Qf1+ 0-1

[Event "Glenco Chess IM 2013"]
[Site "Fredericia"]
[Date "2013.05.02"]
[Round "2"]
[White "Bank Friis, Carsten"]
[Black "Teplyi, Igor"]
[Result "1/2-1/2"]
[WhiteElo "2271"]
[BlackElo "2413"]
[PlyCount "35"]
[EventDate "2013.??.??"]

1. d4 Nf6 2. c4 g6 3. Nc3 d5 4. Bg5 Ne4 5. Bh4 Nxc3 6. bxc3 dxc4 7. e3 Be6 8.
Rb1 b6 9. Nf3 Bg7 10. Ng5 Bd5 11. e4 h6 12. exd5 hxg5 13. Bg3 Qxd5 14. Be2 c6
15. O-O e6 16. Qa4 b5 17. Qa3 Qd7 18. Rfe1 1/2-1/2

[Event "Glenco Chess IM 2013"]
[Site "Fredericia"]
[Date "2013.05.02"]
[Round "3"]
[White "Lund, Silas"]
[Black "Andersson, Bjorn"]
[Result "1-0"]
[WhiteElo "2406"]
[BlackElo "2277"]
[PlyCount "65"]
[EventDate "2013.??.??"]

1. d4 c5 2. d5 d6 3. e4 g6 4. c4 Bg7 5. Nc3 Nf6 6. Nge2 O-O 7. Ng3 Na6 8. Be2
Nc7 9. O-O a6 10. a4 Rb8 11. a5 b5 12. axb6 Rxb6 13. f4 h5 14. h3 e6 15. Na4
Rb7 16. e5 Nfxd5 17. cxd5 exd5 18. exd6 Bd4+ 19. Kh2 Qxd6 20. Bf3 Nb5 21. Ne2
Re7 22. Nac3 Bxc3 23. bxc3 Rd8 24. Kh1 Qf6 25. Bb2 d4 26. cxd4 cxd4 27. Ra4
Red7 28. Qd3 Qb6 29. f5 Nc3 30. Nxc3 Qxb2 31. Ne4 Kg7 32. fxg6 fxg6 33. Rb1 1-0

[Event "Glenco Chess IM 2013"]
[Site "Fredericia"]
[Date "2013.05.02"]
[Round "3"]
[White "Pavlovic, Milos"]
[Black "Aabling Thomsen, Jakob"]
[Result "1-0"]
[WhiteElo "2504"]
[BlackElo "2301"]
[PlyCount "57"]
[EventDate "2013.??.??"]

1. e4 d6 2. f4 Nf6 3. Nc3 g6 4. Nf3 Bg7 5. g3 c5 6. Bg2 Nc6 7. d3 Bd7 8. O-O
O-O 9. h3 Ne8 10. Be3 Nd4 11. Nh4 e6 12. Rb1 Rb8 13. Ne2 f5 14. Nxd4 cxd4 15.
Bf2 fxe4 16. dxe4 e5 17. f5 gxf5 18. Nxf5 Bxf5 19. exf5 Rxf5 20. c3 Qb6 21. Qg4
Rxf2 22. Rxf2 dxc3 23. Rbf1 cxb2 24. Kh2 Nf6 25. Rxf6 b1=Q 26. Bd5+ Kh8 27.
Rf8+ Rxf8 28. Rxf8+ Bxf8 29. Qg8# 1-0

[Event "Glenco Chess IM 2013"]
[Site "Fredericia"]
[Date "2013.05.02"]
[Round "3"]
[White "Fries Nielsen, Jens Ove"]
[Black "Haub, Thorsten Michael"]
[Result "1/2-1/2"]
[WhiteElo "2375"]
[BlackElo "2462"]
[PlyCount "146"]
[EventDate "2013.??.??"]

1. e4 g6 2. Bc4 Bg7 3. d4 d6 4. Nf3 a6 5. a4 e6 6. a5 Ne7 7. Bb3 Nd7 8. Nbd2
O-O 9. Nc4 d5 10. exd5 exd5 11. Ne3 Nf6 12. O-O Ne4 13. Re1 Be6 14. h3 c5 15.
c3 cxd4 16. Nxd4 Nc6 17. Nf3 Nf6 18. Nd4 Nxa5 19. Ba4 b5 20. Bc2 Qb6 21. Ng4
Nxg4 22. hxg4 Nc4 23. b3 Ne5 24. Nxe6 fxe6 25. Be3 Qd6 26. Ra2 Nd7 27. c4 bxc4
28. bxc4 d4 29. Bc1 Nc5 30. Ba3 Rac8 31. Be4 Rc7 32. Bf3 Kh8 33. Rae2 e5 34.
Bd5 Qf6 35. f3 Re8 36. g5 Qxg5 37. Qxd4 Nd7 38. f4 Qh4 39. Qf2 Qxf2+ 40. Kxf2
Nb6 41. fxe5 Nxc4 42. Rc1 Nxa3 43. Rxc7 Nb5 44. Rd7 Bxe5 45. Bf7 Bg3+ 46. Kf3
Rxe2 47. Kxe2 Nd6 48. Bd5 a5 49. Kf3 Be5 50. g4 h6 51. Bb3 Bh2 52. Bc2 Nc4 53.
Rd4 Nd6 54. Bxg6 Kg7 55. Bd3 Be5 56. Rd5 Kf6 57. Rxa5 Nf7 58. Ra6+ Nd6 59. Bc2
Bh2 60. Ra8 Be5 61. Bb3 Nb5 62. Rf8+ Kg7 63. Rg8+ Kf6 64. Ba2 Bc3 65. Bb1 Bd2
66. Rg6+ Ke5 67. Ke2 Bg5 68. Rb6 Nc3+ 69. Kd3 Nxb1 70. Rxb1 Kf4 71. Rb4+ Kf3
72. Rb6 Kxg4 73. Rxh6 Bxh6 1/2-1/2

[Event "Glenco Chess IM 2013"]
[Site "Fredericia"]
[Date "2013.05.02"]
[Round "3"]
[White "Teplyi, Igor"]
[Black "Westerinen, Heikki"]
[Result "1-0"]
[WhiteElo "2413"]
[BlackElo "2335"]
[PlyCount "121"]
[EventDate "2013.??.??"]

1. d4 Nf6 2. c4 g6 3. Nc3 Bg7 4. e4 d6 5. h3 e5 6. dxe5 dxe5 7. Qxd8+ Kxd8 8.
Bg5 c6 9. O-O-O+ Kc7 10. Nf3 Nbd7 11. Be3 Re8 12. Ng5 Bh6 13. Be2 a5 14. h4 b6
15. Kb1 Re7 16. h5 gxh5 17. Bxh5 Nxh5 18. Rxh5 Bxg5 19. Bxg5 f6 20. Be3 Ba6 21.
b3 Rg8 22. g3 Rgg7 23. Rdh1 Bc8 24. Kb2 Rgf7 25. Na4 Ba6 26. Rc1 Rg7 27. Rh4
Kb7 28. g4 Ref7 29. f3 Re7 30. Rh6 Rg6 31. Rh2 Rgg7 32. Rd1 Kc7 33. Rhd2 Bc8
34. Rc1 Bb7 35. Rh2 Bc8 36. Rch1 Bb7 37. Nc3 Bc8 38. Ne2 Rgf7 39. Nc3 Rg7 40.
Kc2 Rgf7 41. Bc1 Nb8 42. Rh6 Na6 43. a3 Nc5 44. Be3 Ne6 45. Na4 Nd4+ 46. Bxd4
exd4 47. c5 bxc5 48. Nxc5 Kd6 49. Nd3 Be6 50. Rxf6 Kc7 51. Rhh6 Rxf6 52. Rxf6
a4 53. b4 Bb3+ 54. Kd2 Bc4 55. Nc5 Bb5 56. f4 Kb6 57. g5 Rg7 58. Rh6 Rf7 59. f5
Rg7 60. Rh5 Rf7 61. f6 1-0

[Event "Glenco Chess IM 2013"]
[Site "Fredericia"]
[Date "2013.05.03"]
[Round "4"]
[White "Andersson, Bjorn"]
[Black "Pavlovic, Milos"]
[Result "0-1"]
[WhiteElo "2277"]
[BlackElo "2504"]
[PlyCount "88"]
[EventDate "2013.??.??"]

1. e4 c5 2. Nf3 e6 3. d4 cxd4 4. Nxd4 a6 5. Nc3 Qc7 6. Be2 Nf6 7. O-O Nc6 8.
Be3 Bb4 9. Bf3 Ne5 10. Bd2 Bc5 11. Nb3 Ba7 12. Bf4 b5 13. Re1 O-O 14. Bxe5 Qxe5
15. Nc1 Rb8 16. Nd3 Qc7 17. e5 Ne8 18. Re4 d6 19. exd6 Nxd6 20. Rh4 Nf5 21. Rh3
Nd4 22. a3 Rd8 23. Qd2 e5 24. Rg3 f6 25. Bd5+ Kh8 26. Re1 Nf5 27. Rf3 Bd4 28.
Bb3 Nh4 29. Rg3 Bb7 30. Qe2 Bxc3 31. bxc3 e4 32. Nb2 Nf5 33. Rh3 Qf4 34. Qh5 h6
35. Be6 e3 36. fxe3 Qe4 37. Rf3 Qxe6 38. Qxf5 Qc6 39. e4 Rd2 40. Nd3 Qxc3 41.
Nf4 Qd4+ 42. Rfe3 Re8 43. c3 Qb6 44. Kh1 Qxe3 0-1

[Event "Glenco Chess IM 2013"]
[Site "Fredericia"]
[Date "2013.05.03"]
[Round "4"]
[White "Haub, Thorsten Michael"]
[Black "Teplyi, Igor"]
[Result "1-0"]
[WhiteElo "2462"]
[BlackElo "2413"]
[PlyCount "99"]
[EventDate "2013.??.??"]

1. g3 c5 2. Bg2 g6 3. e4 Bg7 4. c3 Nc6 5. d3 e6 6. f4 d5 7. Qe2 Nge7 8. Nf3 O-O
9. O-O b6 10. e5 Qc7 11. a3 f6 12. Re1 fxe5 13. fxe5 Bd7 14. Bf4 h6 15. h4 Rf7
16. Nbd2 Raf8 17. Nf1 g5 18. hxg5 Ng6 19. Be3 Ncxe5 20. Nxe5 Qxe5 21. gxh6 Bh8
22. Qg4 Qf5 23. Qxf5 Rxf5 24. d4 cxd4 25. cxd4 Rc8 26. Rac1 Rff8 27. Nd2 Ne7
28. g4 Kh7 29. Nf3 Nc6 30. Kh2 e5 31. Kg3 e4 32. Ng5+ Kg6 33. Rcd1 Ne7 34. Rd2
Bf6 35. Nh3 Kh7 36. Rf1 Ng6 37. Ng5+ Kh8 38. Rdf2 Be7 39. Rf7 Rxf7 40. Rxf7 Be8
41. Rh7+ Kg8 42. Rg7+ Kh8 43. Nf7+ Bxf7 44. Rxf7 Rc7 45. Rf5 Bd6+ 46. Kh3 Ne7
47. Rf6 Nc8 48. g5 Rc2 49. g6 Re2 50. Bf4 1-0

[Event "Glenco Chess IM 2013"]
[Site "Fredericia"]
[Date "2013.05.03"]
[Round "4"]
[White "Aabling Thomsen, Jakob"]
[Black "Fries Nielsen, Jens Ove"]
[Result "1-0"]
[WhiteElo "2301"]
[BlackElo "2375"]
[PlyCount "67"]
[EventDate "2013.??.??"]

1. e4 e6 2. Nc3 Ne7 3. d4 d6 4. g3 Nd7 5. Bg2 a6 6. a4 Rb8 7. a5 c5 8. d5 exd5
9. exd5 Ne5 10. h3 Nf5 11. Nge2 Nc4 12. Qd3 Ne5 13. Qe4 Be7 14. Bf4 O-O 15.
Bxe5 dxe5 16. O-O Bd6 17. Qc4 Bd7 18. Rfe1 Nd4 19. Nxd4 cxd4 20. Ne4 Bb5 21.
Qb3 Rc8 22. c3 d3 23. Nd2 Qc7 24. Rec1 f5 25. c4 e4 26. cxb5 Qxc1+ 27. Rxc1
Rxc1+ 28. Kh2 Rc2 29. Nc4 Bb8 30. d6 Kh8 31. Ne5 Bxd6 32. Nf7+ Rxf7 33. Qxf7 h6
34. Qxf5 1-0

[Event "Glenco Chess IM 2013"]
[Site "Fredericia"]
[Date "2013.05.03"]
[Round "4"]
[White "Skaanning Pedersen, Kim Henrik"]
[Black "Lund, Silas"]
[Result "0-1"]
[WhiteElo "2256"]
[BlackElo "2406"]
[PlyCount "94"]
[EventDate "2013.??.??"]

1. d4 Nf6 2. c4 e6 3. g3 d5 4. Bg2 Bb4+ 5. Bd2 Be7 6. Nf3 O-O 7. O-O c6 8. Qb3
a5 9. Nc3 a4 10. Nxa4 dxc4 11. Qc2 Na6 12. Rfd1 Nd5 13. a3 b5 14. Nc3 Bb7 15.
e4 Nb6 16. Be3 h6 17. h4 Rc8 18. Qe2 Re8 19. Ne5 Nd7 20. Ng4 Bf8 21. d5 Nac5
22. dxc6 Bxc6 23. Ne5 Nxe5 24. Rxd8 Rexd8 25. f4 Nb3 26. Rb1 Rd3 27. Kf1 Ng4
28. Qxg4 Rxe3 29. Rd1 Rd3 30. Rxd3 cxd3 31. f5 exf5 32. exf5 Bxg2+ 33. Kxg2 Rd8
34. Nd1 Be7 35. Qe4 Bf6 36. Kh3 Nd2 37. Qb4 Nc4 38. Qxb5 Nxb2 39. Nf2 d2 40. a4
Nd3 41. Nd1 h5 42. a5 Nb2 43. Qb3 Nxd1 44. Qxd1 Bc3 45. a6 Ra8 46. f6 Rxa6 47.
fxg7 Ra1 0-1

[Event "Glenco Chess IM 2013"]
[Site "Fredericia"]
[Date "2013.05.03"]
[Round "4"]
[White "Bank Friis, Carsten"]
[Black "Westerinen, Heikki"]
[Result "1/2-1/2"]
[WhiteElo "2271"]
[BlackElo "2335"]
[PlyCount "33"]
[EventDate "2013.??.??"]

1. d4 c5 2. d5 e5 3. Nc3 d6 4. e4 Be7 5. Nf3 a6 6. a4 Bg4 7. Be2 Bxf3 8. Bxf3
Bg5 9. O-O Nh6 10. g3 Bxc1 11. Qxc1 O-O 12. Bg2 Nd7 13. f4 Qe7 14. Qd2 Rfb8 15.
Kh1 Nf8 16. Qe2 f6 17. Bh3 1/2-1/2

[Event "Glenco Chess IM 2013"]
[Site "Fredericia"]
[Date "2013.05.03"]
[Round "5"]
[White "Pavlovic, Milos"]
[Black "Skaanning Pedersen, Kim Henrik"]
[Result "1-0"]
[WhiteElo "2504"]
[BlackElo "2256"]
[PlyCount "61"]
[EventDate "2013.??.??"]

1. e4 c5 2. Nc3 g6 3. f4 Bg7 4. Nf3 Nc6 5. Bb5 Nd4 6. O-O e6 7. e5 f5 8. Bd3 d6
9. exd6 Qxd6 10. Nb5 Nxb5 11. Bxb5+ Bd7 12. Bxd7+ Qxd7 13. Qe2 h6 14. Re1 Kf7
15. Rb1 Ne7 16. b4 cxb4 17. Rxb4 Nc6 18. Rxb7 Qxb7 19. Qxe6+ Kf8 20. Ba3+ Nb4
21. Nh4 Qb6+ 22. Qxb6 axb6 23. Nxg6+ Kg8 24. Bxb4 Rh7 25. Ne7+ Kf7 26. Nxf5
Rxa2 27. Nd6+ Kg6 28. Re6+ Kh5 29. h3 Bf8 30. Nf5 Bxb4 31. g4# 1-0

[Event "Glenco Chess IM 2013"]
[Site "Fredericia"]
[Date "2013.05.03"]
[Round "5"]
[White "Teplyi, Igor"]
[Black "Aabling Thomsen, Jakob"]
[Result "1/2-1/2"]
[WhiteElo "2413"]
[BlackElo "2301"]
[PlyCount "41"]
[EventDate "2013.??.??"]

1. Nf3 g6 2. c4 Bg7 3. Nc3 e5 4. d4 exd4 5. Nxd4 Nc6 6. Nc2 d6 7. g3 Be6 8. Nd5
Ne5 9. e4 c6 10. Nde3 Nf6 11. f4 Neg4 12. Bg2 Nxe3 13. Nxe3 O-O 14. O-O Re8 15.
Kh1 Bc8 16. Qc2 Qe7 17. e5 dxe5 18. f5 e4 19. g4 Nd7 20. Bd2 Nc5 21. Bc3
1/2-1/2

[Event "Glenco Chess IM 2013"]
[Site "Fredericia"]
[Date "2013.05.03"]
[Round "5"]
[White "Lund, Silas"]
[Black "Bank Friis, Carsten"]
[Result "1-0"]
[WhiteElo "2406"]
[BlackElo "2271"]
[PlyCount "127"]
[EventDate "2013.??.??"]

1. d4 d5 2. c4 e6 3. Nc3 Nf6 4. cxd5 exd5 5. Bg5 Be7 6. e3 O-O 7. Bd3 c6 8.
Nge2 Nbd7 9. Qc2 Re8 10. O-O Nf8 11. f3 Be6 12. Rad1 Rc8 13. Bh4 Ng6 14. Bf2
Qa5 15. Qd2 a6 16. h3 Red8 17. a3 Qc7 18. Rc1 Qb8 19. Na4 Nd7 20. f4 f5 21. g4
Rf8 22. g5 Bd6 23. Nc5 Nxc5 24. dxc5 Bc7 25. h4 Rce8 26. h5 Ne7 27. Nd4 Bd7 28.
b4 Qd8 29. Be1 Nc8 30. Rf3 Be6 31. Qf2 Qd7 32. Bc3 Re7 33. Ba1 Qe8 34. Rh3 Bd7
35. Re1 Na7 36. a4 a5 37. bxa5 Bxa5 38. Rb1 Bc8 39. Kh1 Qd8 40. h6 g6 41. Qb2
Kf7 42. Nf3 Ke8 43. Qe2 Re6 44. Bg7 Rg8 45. Nd4 Re7 46. Bf6 Qd7 47. Bxe7 Qxe7
48. Qc2 Rf8 49. Kg1 Kf7 50. Kf2 Re8 51. Qc1 Kg8 52. Kf3 Bc7 53. Rh2 Bd8 54.
Rhb2 Qf7 55. Qc3 Qe7 56. Re2 Qf7 57. Kf2 Qc7 58. Nf3 Qe7 59. Qd4 Ba5 60. Reb2
Bd8 61. Rb3 Bc7 62. Rxb7 Bxb7 63. Rxb7 Nc8 64. a5 1-0

[Event "Glenco Chess IM 2013"]
[Site "Fredericia"]
[Date "2013.05.03"]
[Round "5"]
[White "Fries Nielsen, Jens Ove"]
[Black "Andersson, Bjorn"]
[Result "1-0"]
[WhiteElo "2375"]
[BlackElo "2277"]
[PlyCount "103"]
[EventDate "2013.??.??"]

1. e4 c5 2. Nf3 Nc6 3. Bc4 e5 4. d3 Be7 5. Ng5 Bxg5 6. Qh5 g6 7. Qxg5 Qxg5 8.
Bxg5 f6 9. Bh4 g5 10. Bg3 Nge7 11. Nc3 a6 12. a4 d6 13. a5 Nd4 14. Kd2 Be6 15.
h4 h5 16. f3 Kf7 17. Rh2 Rag8 18. Rah1 Kg6 19. Bf2 Nec6 20. Nd5 Rg7 21. c3 Nb5
22. g4 hxg4 23. fxg4 Bxd5 24. Bxd5 Nc7 25. h5+ Kh6 26. Ba2 Re8 27. Rf1 Ne6 28.
Bxc5 Nxc5 29. Rxf6+ Kh7 30. Rhf2 Nd7 31. Rxd6 Rf8 32. Rf5 Rxf5 33. exf5 Nf8 34.
h6 Rd7 35. Rf6 Rd8 36. b4 e4 37. d4 Ne5 38. Rb6 Nxg4 39. Rxb7+ Nd7 40. b5 axb5
41. a6 Ngf6 42. a7 Kxh6 43. Be6 b4 44. cxb4 Ne5 45. Rb8 Rxd4+ 46. Kc2 e3 47.
a8=Q Rd2+ 48. Kb3 g4 49. Qa1 Rd3+ 50. Ka4 Nfd7 51. Bxd7 Nxd7 52. Rg8 1-0

[Event "Glenco Chess IM 2013"]
[Site "Fredericia"]
[Date "2013.05.04"]
[Round "6"]
[White "Lund, Silas"]
[Black "Pavlovic, Milos"]
[Result "1-0"]
[WhiteElo "2406"]
[BlackElo "2504"]
[PlyCount "59"]
[EventDate "2013.??.??"]

1. d4 Nf6 2. c4 g6 3. Nc3 Bg7 4. e4 d6 5. Be2 O-O 6. Nf3 c5 7. O-O Re8 8. Be3
cxd4 9. Nxd4 a6 10. f3 Nbd7 11. Qd2 b6 12. Rfd1 Bb7 13. Rac1 Rc8 14. Bf1 Qc7
15. b4 e6 16. Nb3 Bf8 17. Qf2 Qb8 18. Na4 d5 19. exd5 Bxb4 20. Nxb6 Nxb6 21.
Bxb6 Bd6 22. g3 exd5 23. c5 Be5 24. Bh3 Rc6 25. Na5 d4 26. Rxd4 Rxb6 27. cxb6
Bxf3 28. Nc6 Qxb6 29. Nxe5 Rxe5 30. Rf4 1-0

[Event "Glenco Chess IM 2013"]
[Site "Fredericia"]
[Date "2013.05.04"]
[Round "6"]
[White "Aabling Thomsen, Jakob"]
[Black "Westerinen, Heikki"]
[Result "1-0"]
[WhiteElo "2301"]
[BlackElo "2335"]
[PlyCount "75"]
[EventDate "2013.??.??"]

1. e4 d5 2. exd5 Nf6 3. d4 Nxd5 4. Nf3 Bg4 5. Be2 e6 6. O-O c6 7. c4 Nf6 8. Nc3
Be7 9. b3 O-O 10. h3 Bh5 11. Bb2 Nbd7 12. Qd2 Qc7 13. Rad1 Rad8 14. Rfe1 a6 15.
Qc1 Bd6 16. Qa1 Rfe8 17. a3 c5 18. d5 e5 19. Nd2 Bg6 20. Bf3 Re7 21. Nce4 Nxe4
22. Nxe4 f5 23. Nxd6 Qxd6 24. Rd2 e4 25. Bd1 Rde8 26. b4 f4 27. Bg4 e3 28. fxe3
fxe3 29. Rde2 Nf8 30. bxc5 Qxc5 31. Bd4 Qxc4 32. d6 Rf7 33. Rxe3 Rxe3 34. Rxe3
Bd3 35. d7 Qc2 36. d8=Q Qf2+ 37. Kh1 Bf1 38. Qd5 1-0

[Event "Glenco Chess IM 2013"]
[Site "Fredericia"]
[Date "2013.05.04"]
[Round "6"]
[White "Bank Friis, Carsten"]
[Black "Haub, Thorsten Michael"]
[Result "0-1"]
[WhiteElo "2271"]
[BlackElo "2462"]
[PlyCount "102"]
[EventDate "2013.??.??"]

1. d4 g6 2. e4 Bg7 3. c3 d6 4. Bc4 Nf6 5. f3 Nc6 6. Ne2 O-O 7. O-O e5 8. Bb3
Nd7 9. Na3 a6 10. Be3 b5 11. Qd2 Bb7 12. Rad1 Qe8 13. Ng3 Kh8 14. f4 exd4 15.
cxd4 f5 16. e5 Ne7 17. Rc1 Qd8 18. Nc2 Nb6 19. Rfd1 Ned5 20. Nb4 Nxb4 21. Qxb4
Nd5 22. Bxd5 Bxd5 23. Qa5 c6 24. Qxd8 Rfxd8 25. a3 Rac8 26. b4 Kg8 27. Ne2 Bc4
28. Kf2 Ra8 29. Bd2 dxe5 30. dxe5 Bb3 31. Ke3 Bxd1 32. Rxd1 a5 33. Rc1 axb4 34.
Bxb4 Bf8 35. Rxc6 Bxb4 36. axb4 Ra4 37. Rd6 Rxd6 38. exd6 Kf8 39. Nd4 Ke8 40.
Nxb5 Rxb4 41. Nd4 Kd7 42. g3 Kxd6 43. Nf3 Rb2 44. Kd4 Ra2 45. Ke3 Kd5 46. Nd2
h6 47. Nf3 Ra3+ 48. Kf2 Ke4 49. Nd2+ Kd3 50. Nf3 Ra2+ 51. Kg1 Ke4 0-1

[Event "Glenco Chess IM 2013"]
[Site "Fredericia"]
[Date "2013.05.04"]
[Round "6"]
[White "Andersson, Bjorn"]
[Black "Teplyi, Igor"]
[Result "0-1"]
[WhiteElo "2277"]
[BlackElo "2413"]
[PlyCount "47"]
[EventDate "2013.??.??"]

1. e4 c5 2. Nf3 d6 3. d4 cxd4 4. Nxd4 Nf6 5. Nc3 a6 6. Be2 e5 7. Nb3 Be7 8. O-O
O-O 9. f4 b5 10. Kh1 Bb7 11. Bf3 Nbd7 12. Be3 exf4 13. Bxf4 Ne5 14. Nd4 g6 15.
a4 b4 16. Nd5 Nxd5 17. exd5 Rc8 18. Rc1 Bg5 19. Bxg5 Qxg5 20. Qe1 a5 21. c3 Nd3
22. Ne6 fxe6 23. Qxe6+ Kh8 24. Rc2 0-1

[Event "Glenco Chess IM 2013"]
[Site "Fredericia"]
[Date "2013.05.04"]
[Round "6"]
[White "Skaanning Pedersen, Kim Henrik"]
[Black "Fries Nielsen, Jens Ove"]
[Result "0-1"]
[WhiteElo "2256"]
[BlackElo "2375"]
[PlyCount "72"]
[EventDate "2013.??.??"]

1. d4 d6 2. e4 Nd7 3. g3 e5 4. Ne2 Ngf6 5. Bg2 b5 6. a4 b4 7. c4 Bb7 8. Nd2
exd4 9. Nxd4 c5 10. Nc2 Ne5 11. Qe2 Nc6 12. b3 Be7 13. Bb2 O-O 14. O-O Nd7 15.
Ne3 Bf6 16. Bxf6 Nxf6 17. f4 Re8 18. Qd3 Nd4 19. Nc2 Nxc2 20. Qxc2 Qe7 21. Rae1
Nd7 22. Qd3 Rad8 23. Re2 Nf8 24. Rfe1 Qf6 25. h3 Rd7 26. Nf3 h6 27. h4 Bc6 28.
Bh3 Rdd8 29. Kh2 Qc3 30. Qxc3 bxc3 31. Re3 c2 32. Nd2 d5 33. cxd5 Rxd5 34. R3e2
c4 35. Rc1 Rxd2 36. Rxd2 cxb3 0-1

[Event "Glenco Chess IM 2013"]
[Site "Fredericia"]
[Date "2013.05.04"]
[Round "7"]
[White "Pavlovic, Milos"]
[Black "Bank Friis, Carsten"]
[Result "1/2-1/2"]
[WhiteElo "2504"]
[BlackElo "2271"]
[PlyCount "52"]
[EventDate "2013.??.??"]

1. e4 c6 2. d4 d5 3. Nd2 dxe4 4. Nxe4 Nf6 5. Nxf6+ gxf6 6. Nf3 Bf5 7. g3 Na6 8.
Bg2 Nb4 9. O-O Qd7 10. Bd2 Nxc2 11. Rc1 Nxd4 12. Nxd4 Qxd4 13. Qb3 Qb6 14. Qf3
Bd7 15. Rfe1 O-O-O 16. Be3 Qa5 17. Bc5 Be6 18. b4 Qa4 19. b5 Qxb5 20. Qa3 Bc4
21. Qxa7 e6 22. Rxc4 Qxc4 23. Qa8+ Kc7 24. Qa5+ Kc8 25. Qa8+ Kc7 26. Qa5+ Kc8
1/2-1/2